| 000 | 01094aam a2200325 i 4500 | ||
|---|---|---|---|
| 001 | 768714001 | ||
| 003 | CO-MdFUSB | ||
| 005 | 20230921152637.0 | ||
| 007 | ta | ||
| 008 | 230921t1976 sp |||| |||| 00| 0 spa d | ||
| 020 | _a847228316X | ||
| 040 |
_bspa. _aCO-MdFUSB _cCO-MdFUSB _dCO-MdFUSBC _erda |
||
| 041 |
_aspa _heng |
||
| 082 | 0 | 4 |
_a253.52 _223 _bG8822e |
| 100 | 1 |
_aGrounds, Vernon C. _eautor |
|
| 240 | _aEmotional problems and the Gospel | ||
| 245 | 3 |
_aEl evangelio y los problemas emocionales _c/ Vernon Grounds |
|
| 250 | _aversion española de Pablo Martínez Vila | ||
| 264 | 1 |
_aTerrassa, Barcelona, España : _bClie, _c[1976] |
|
| 264 | 4 | _c© 1976 | |
| 300 |
_a150 páginas _c; 18 cm |
||
| 336 |
_atexto _btxt _2rdacontent |
||
| 337 |
_2rdamedia _asin mediación _bn |
||
| 338 |
_2rdacarrier _avolumen _bnc |
||
| 505 | _aLa Biblia y la ansiedad -- La Biblia y el enojo -- La Biblia y el orgullo -- La Biblia y la culpa -- Una perspectiva cristiana sobre la salud mental | ||
| 563 | _aRústico | ||
| 650 | 7 |
_aPsicología _96973 |
|
| 942 | _cBK | ||
| 945 | _aJTF-925 | ||
| 999 |
_c32289 _d32289 |
||